| 000 | 01785ngm a22003375a 4500 | ||
|---|---|---|---|
| 999 |
_c127703 _d127703 |
||
| 001 | 11719891 | ||
| 003 | ARRUPE | ||
| 005 | 20180326091803.0 | ||
| 007 | v| |||||| | ||
| 008 | 980810s1996 xxu336 vleng | ||
| 010 | _a 98513192 | ||
| 017 |
_aPA869-480 _bU.S. Copyright Office |
||
| 040 |
_aDLC _cDLC _eamim |
||
| 050 | 0 | 0 |
_aBX1959.3.E5 _bC38 1994 |
| 100 |
_aInterdicasterial Commission for the Catechism of the Catholoc Church _940970 |
||
| 245 | 0 | 4 | _aThe Catechism of the Catholic Church. |
| 260 |
_c1994. _aNairobi _bPaulines Publications Africa |
||
| 300 |
_a736p. ; _c21cm. |
||
| 511 | 0 | _aTaught by Father Benedict Groeschel, CFR. | |
| 541 | _3viewing copy; | ||
| 906 |
_a0 _bibc _corignew _du _encip _f19 _gy-movingim |
||
| 942 |
_2lcc _cMONOGRAPH |
||